|
|
|
|
| LEADER |
00000nab#a22000007a#4500 |
| 001 |
arbauad029795 |
| 003 |
AR-BaUAD |
| 005 |
20250711112415.0 |
| 008 |
980204|||||||||###||||||b###|0###a|spa|| |
| 040 |
|
|
|a AR-BaUAD
|c AR-BaUAD
|b spa
|
| 245 |
1 |
0 |
|a Notes sur d'autres films
|
| 653 |
|
|
|a CINE
|
| 653 |
|
|
|a CRITICAS
|
| 653 |
|
|
|a LARGOMETRAJES
|
| 653 |
|
|
|a DIRECTORES DE CINE
|
| 653 |
|
|
|a ESTADOS UNIDOS
|
| 653 |
|
|
|a JEUNET, JEAN PIERRE
|
| 653 |
|
|
|a FRANCIA
|
| 653 |
|
|
|a CORNEAU, ALAIN
|
| 653 |
|
|
|a JAPON
|
| 653 |
|
|
|a OGURI, SHOHEI
|
| 653 |
|
|
|a BOYLE, DANNY
|
| 653 |
|
|
|a OEDEKERK, STEPHEN
|
| 653 |
|
|
|a MYERS, MIKE
|
| 653 |
|
|
|a THORNTON, BILLY BOB
|
| 653 |
|
|
|a BROCA, PHILIPPE DE
|
| 773 |
0 |
|
|t CAHIERS DU CINEMA
|g no. 519 [dic. 1997], p. 77
|
| 942 |
|
|
|c ARTI
|
| 952 |
|
|
|0 0
|1 0
|4 0
|7 0
|9 74714
|a AR-BAuAD
|b AR-BAuAD
|d 2025-07-11
|l 0
|p AAQA029795
|r 2025-07-11 11:24:15
|w 2025-07-11
|y ARTI
|
| 990 |
|
|
|a C199
|b TD
|
| 998 |
|
|
|a AAQ
|b BIBUN76
|
| 999 |
|
|
|c 54387
|d 54387
|